<?xml version="1.0" encoding="UTF-8"?>
<collection xmlns="http://www.loc.gov/MARC21/slim">
<record>
  <controlfield tag="001">285191</controlfield>
  <controlfield tag="005">20240928180410.0</controlfield>
  <datafield tag="035" ind1=" " ind2=" ">
    <subfield code="a">G:(GEPRIS)241554888</subfield>
  </datafield>
  <datafield tag="024" ind1="7" ind2=" ">
    <subfield code="a">G:(GEPRIS)241554888</subfield>
    <subfield code="d">241554888</subfield>
  </datafield>
  <datafield tag="040" ind1=" " ind2=" ">
    <subfield code="a">GEPRIS</subfield>
    <subfield code="c">http://gepris.its.kfa-juelich.de</subfield>
  </datafield>
  <datafield tag="150" ind1=" " ind2=" ">
    <subfield code="a">Abschluss der Edition von Kants "Tugendlehre" (Akademie-Ausgabe)</subfield>
    <subfield code="y">2013 - 2018</subfield>
  </datafield>
  <datafield tag="371" ind1=" " ind2=" ">
    <subfield code="a">Professor Dr. Dieter Schönecker</subfield>
  </datafield>
  <datafield tag="450" ind1=" " ind2=" ">
    <subfield code="a">DFG project G:(GEPRIS)241554888</subfield>
    <subfield code="w">d</subfield>
    <subfield code="y">2013 - 2018</subfield>
  </datafield>
  <datafield tag="510" ind1="1" ind2=" ">
    <subfield code="a">Deutsche Forschungsgemeinschaft</subfield>
    <subfield code="0">I:(DE-588b)2007744-0</subfield>
    <subfield code="b">DFG</subfield>
  </datafield>
  <datafield tag="680" ind1=" " ind2=" ">
    <subfield code="a">Das eigens vom Verlag Walter de Gruyter für die Neuedition der Abteilung I der Akademie-Ausgabe geschriebene Programm "Oxygen-XML-Editor" wurde erst mit zweieinhalb Jahren Verspätung fertiggestellt wurde. Das Projekt "Edition und Interpretation von Kants "Tugendlehre" (Akademie-Ausgabe)" konnte daher im Förderzeitraum nicht zum Abschluss gebracht werden. Der in Word fertig edierte Text plus Apparat und Sachanmerkungen müssen händisch in den Editor übertragen und dann erneut mit dem Originalausgaben abgeglichen werden. Das ist sehr aufwendig, bedarf besonderer Sorgfalt und daher auch Zeit.</subfield>
  </datafield>
  <datafield tag="909" ind1="C" ind2="O">
    <subfield code="o">oai:juser.fz-juelich.de:951934</subfield>
    <subfield code="p">authority:GRANT</subfield>
    <subfield code="p">authority</subfield>
  </datafield>
  <datafield tag="980" ind1=" " ind2=" ">
    <subfield code="a">G</subfield>
  </datafield>
  <datafield tag="980" ind1=" " ind2=" ">
    <subfield code="a">AUTHORITY</subfield>
  </datafield>
  <datafield tag="909" ind1="C" ind2="O">
    <subfield code="o">oai:juser.fz-juelich.de:951934</subfield>
  </datafield>
</record>
</collection>